00433nam a2200157 a 450000500170000000800410001702000160005805000200007424500300009426000570012430000230018144000320020465000100023665000110024665000180025720140513081046.0020924s19uu xx 00 eng d aCB000121001 aVCDbWh551 1998 aWhat a world we share! /. aCubao, Quezon City :bMagnavision Home Video,c1998. a54 mins. ; colored aBarney's Classic Collection aSongs aRhymes aWorld -- Film